Investičné možnosti a záujmy
Z príspevkov predstaviteľov bánk, ktoré sa prezentovali na medzinárodnej konferencii zameranej na investičné možnosti krajín strednej a východnej Európy vo Viedni.
Saved in:
| Main Author: | |
|---|---|
| Format: | Book Chapter |
| Language: | Slovak |
| Subjects: | |
| Tags: |
No Tags, Be the first to tag this record!
|
MARC
| LEADER | 00000naa a2200000 4500 | ||
|---|---|---|---|
| 001 | r020666 | ||
| 005 | 20230801103340.8 | ||
| 041 | 0 | |a slo | |
| 044 | |a SK | ||
| 245 | 1 | 0 | |a Investičné možnosti a záujmy |c Emília Herzogová |
| 520 | |a Z príspevkov predstaviteľov bánk, ktoré sa prezentovali na medzinárodnej konferencii zameranej na investičné možnosti krajín strednej a východnej Európy vo Viedni. | ||
| 610 | 2 | 0 | |a investície |
| 610 | 2 | 0 | |a konferencie |
| 610 | 2 | 0 | |a Viedeň |
| 610 | 2 | 0 | |a stredná Európa |
| 610 | 2 | 0 | |a východná Európa |
| 610 | 2 | 0 | |a banky |
| 610 | 2 | 0 | |a papiere cenné |
| 100 | 1 | |a Herzogová, Emília | |